[Event "Verbandsliga Suedbaden 2223"]
[Site "Germany"]
[Date "2023.02.12"]
[Round "6.3"]
[White "Weidemann, Joerg"]
[Black "Geuss, Paul"]
[Result "1/2-1/2"]
[WhiteElo "2288"]
[BlackElo "2279"]
[PlyCount "72"]
[EventDate "2022.09.25"]
[EventType "team-tourn"]
[EventRounds "9"]
[EventCountry "GER"]
[SourceTitle "EXT 2024"]
[Source "ChessBase"]
[SourceDate "2023.10.10"]
[SourceVersion "1"]
[SourceVersionDate "2023.10.10"]
[SourceQuality "1"]
[WhiteTeam "Emmendingen"]
[BlackTeam "Zaehringen"]
[WhiteTeamCountry "GER"]
[BlackTeamCountry "GER"]

1. e4 e5 2. f4 d5 3. exd5 exf4 4. Nf3 Nf6 5. Be2 Nxd5 6. c4 Ne7 7. d4 Ng6 8. h4 Be7 9. h5 Nh4 10. 0-0 Nf5 11. Bxf4 Nc6 12. d5 Bc5+ 13. Kh1 Ncd4 14. Bd3 0-0 15. Nbd2 Nxf3 16. Nxf3 Re8 17. Qc2 Ne3 18. Bxh7+ Kh8 19. Bxe3 Rxe3 20. Bf5 Qf6 21. Nh2 Qh4 22. Bxc8 Rxc8 23. Qf5 Rce8 24. Qf4 R8e4 25. Qxc7 Bd4 26. Rxf7 Bf6 27. Qc8+ Re8 28. Rf8+ Rxf8 29. Qxf8+ Kh7 30. Rf1 Re1 31. Rg1 Qf2 32. Nf3 Rxg1+ 33. Nxg1 Qh4+ 34. Nh3 Qe1+ 35. Ng1 Qh4+ 36. Nh3 Qe1+ 1/2-1/2

[Event "Verbandsliga Suedbaden 2223"]
[Site "Germany"]
[Date "2022.12.04"]
[Round "4.3"]
[White "Milosevic, Goran"]
[Black "Geuss, Paul"]
[Result "1/2-1/2"]
[WhiteElo "2278"]
[BlackElo "2279"]
[PlyCount "35"]
[EventDate "2022.09.25"]
[EventType "team-tourn"]
[EventRounds "9"]
[EventCountry "GER"]
[SourceTitle "EXT 2024"]
[Source "ChessBase"]
[SourceDate "2023.10.10"]
[SourceVersion "1"]
[SourceVersionDate "2023.10.10"]
[SourceQuality "1"]
[WhiteTeam "Dreisamtal"]
[BlackTeam "Zaehringen"]
[WhiteTeamCountry "GER"]
[BlackTeamCountry "GER"]

1. e4 e5 2. Nf3 Nc6 3. Bc4 Bc5 4. 0-0 Nf6 5. d3 a6 6. c3 d6 7. Bb3 Ba7 8. Nbd2 h6 9. Nc4 0-0 10. Ne3 Re8 11. h3 Be6 12. Nd5 Na5 13. Nxf6+ Qxf6 14. Bxe6 Qxe6 15. Nh4 Nc6 16. Qf3 Rad8 17. Nf5 Ne7 18. Be3 1/2-1/2

[Event "Verbandsliga Suedbaden 2223"]
[Site "Germany"]
[Date "2022.11.20"]
[Round "3.3"]
[White "Geuss, Paul"]
[Black "Tiemann, Tobias"]
[Result "1/2-1/2"]
[WhiteElo "2279"]
[BlackElo "2150"]
[PlyCount "111"]
[EventDate "2022.09.25"]
[EventType "team-tourn"]
[EventRounds "9"]
[EventCountry "GER"]
[SourceTitle "EXT 2024"]
[Source "ChessBase"]
[SourceDate "2023.10.10"]
[SourceVersion "1"]
[SourceVersionDate "2023.10.10"]
[SourceQuality "1"]
[WhiteTeam "Zaehringen"]
[BlackTeam "Baden-Baden IV"]
[WhiteTeamCountry "GER"]
[BlackTeamCountry "GER"]

1. e4 c5 2. Nf3 e6 3. g3 a6 4. Bg2 b5 5. d4 cxd4 6. Nxd4 Bb7 7. 0-0 Nc6 8. Re1 Nxd4 9. Qxd4 Ne7 10. Nc3 Nc6 11. Qd1 d6 12. b3 Be7 13. Bb2 0-0 14. Ne2 Rc8 15. Nf4 g6 16. Rc1 b4 17. c4 bxc3 18. Bxc3 Qb6 19. Qd2 Rfd8 20. h4 Qa7 21. h5 Ne5 22. Bd4 Qb8 23. Nd3 Nxd3 24. Qxd3 e5 25. Be3 Rxc1 26. Rxc1 Rc8 27. Rd1 Qa8 28. hxg6 hxg6 29. b4 Bc6 30. Rc1 Bb5 31. Qd2 Kg7 32. f3 Rxc1+ 33. Qxc1 d5 34. Bc5 Bf6 35. Qc2 dxe4 36. Qxe4 Bc6 37. Qd3 Qb7 38. Qd6 Qd7 39. Qxd7 Bxd7 40. Bf1 Bc8 41. Bd6 e4 42. fxe4 Bd4+ 43. Kg2 Bb7 44. Kf3 f5 45. Bd3 Kf6 46. g4 Ke6 47. Bf8 Kf7 48. Bc5 Bxc5 49. bxc5 fxg4+ 50. Kxg4 Kf6 51. Kf4 g5+ 52. Ke3 Ke5 53. Be2 a5 54. Bf3 Bc6 55. Bg2 g4 56. a3 1/2-1/2

[Event "Verbandsliga Suedbaden 1819"]
[Site "Baden"]
[Date "2019.01.27"]
[Round "5.1"]
[White "Cvitan, Ognjen"]
[Black "Geuss, Paul"]
[Result "1-0"]
[WhiteElo "2496"]
[BlackElo "2279"]
[PlyCount "87"]
[EventDate "2018.10.14"]
[EventType "team-tourn"]
[EventRounds "9"]
[EventCountry "GER"]
[SourceTitle "EXT 2020"]
[Source "ChessBase"]
[SourceDate "2019.10.17"]
[SourceVersion "1"]
[SourceVersionDate "2019.10.17"]
[SourceQuality "1"]
[WhiteTeam "Emmendingen II"]
[BlackTeam "Zaehringen"]
[WhiteTeamCountry "GER"]
[BlackTeamCountry "GER"]

1. Nf3 d5 2. d4 Nf6 3. c4 e6 4. Nc3 Be7 5. Bg5 h6 6. Bh4 0-0 7. e3 b6 8. Bd3 Bb7 9. 0-0 Nbd7 10. Bg3 c5 11. Qe2 cxd4 12. exd4 dxc4 13. Bxc4 a6 14. a4 Re8 15. Rfd1 Bb4 16. Bd3 Nh5 17. Rac1 Nxg3 18. hxg3 Qe7 19. Ne4 Bd6 20. Rc2 Red8 21. Rdc1 Nf6 22. Nxf6+ Qxf6 23. Be4 Qe7 24. Bc6 Rab8 25. Qe4 b5 26. a5 Bc8 27. Ne5 Bxe5 28. dxe5 Bd7 29. Bb7 Be8 30. Bc6 b4 31. b3 Bxc6 32. Rxc6 Rd5 33. Rc8+ Rd8 34. R1c7 Qe8 35. Rxb8 Rxb8 36. Rc6 Qd8 37. Rxa6 Qd1+ 38. Kh2 Qxb3 39. Ra8 Rxa8 40. Qxa8+ Kh7 41. Qe4+ g6 42. a6 Qa2 43. Qb7 Qxf2 44. a7 1-0

[Event "Verbandsliga Suedbaden 1617"]
[Site "Baden"]
[Date "2016.10.23"]
[Round "2.2"]
[White "Geuss, Paul"]
[Black "Schmider, Bernd"]
[Result "1/2-1/2"]
[WhiteElo "2234"]
[BlackElo "2208"]
[PlyCount "82"]
[EventDate "2016.10.09"]
[EventType "team-tourn"]
[EventRounds "9"]
[EventCountry "GER"]
[SourceTitle "EXT 2022"]
[Source "ChessBase"]
[SourceDate "2021.10.06"]
[SourceVersion "1"]
[SourceVersionDate "2021.10.06"]
[SourceQuality "1"]
[WhiteTeam "Zaehringen"]
[BlackTeam "Lahr"]
[WhiteTeamCountry "GER"]
[BlackTeamCountry "GER"]

1. e4 c5 2. Nf3 d6 3. Bb5+ Nd7 4. d4 Ngf6 5. Nc3 a6 6. Bxd7+ Nxd7 7. dxc5 Nxc5 8. Be3 Bg4 9. Qd2 Bxf3 10. gxf3 e6 11. 0-0-0 Qc7 12. Rhg1 b5 13. Kb1 Nd7 14. f4 Nb6 15. Bxb6 Qxb6 16. f5 0-0-0 17. fxe6 fxe6 18. f4 b4 19. Na4 Qb7 20. Qd4 Qb5 21. b3 Rg8 22. c3 bxc3 23. Rc1 Kd7 24. Rxc3 Ke7 25. Rc7+ Rd7 26. Rxd7+ Qxd7 27. Rc1 g5 28. Nb6 Qb7 29. e5 d5 30. f5 h5 31. fxe6 Kxe6 32. Na4 Qh7+ 33. Ka1 Qe4 34. Rc6+ Kd7 35. Qc3 Qh1+ 36. Kb2 Qxh2+ 37. Kb1 Qg1+ 38. Kb2 Qf2+ 39. Kb1 Qf1+ 40. Kb2 Qf2+ 41. Kb1 Qf1+ 1/2-1/2

[Event "Verbandsliga Suedbaden 1617"]
[Site "Baden"]
[Date "2016.10.09"]
[Round "1.2"]
[White "Riehle, Marco"]
[Black "Geuss, Paul"]
[Result "0-1"]
[WhiteElo "2242"]
[BlackElo "2234"]
[PlyCount "82"]
[EventDate "2016.10.09"]
[EventType "team-tourn"]
[EventRounds "9"]
[EventCountry "GER"]
[SourceTitle "EXT 2022"]
[Source "ChessBase"]
[SourceDate "2021.10.06"]
[SourceVersion "1"]
[SourceVersionDate "2021.10.06"]
[SourceQuality "1"]
[WhiteTeam "Sasbach"]
[BlackTeam "Zaehringen"]
[WhiteTeamCountry "GER"]
[BlackTeamCountry "GER"]

1. e4 e5 2. Nf3 Nc6 3. Bc4 Nf6 4. d4 exd4 5. 0-0 Nxe4 6. Re1 d5 7. Bxd5 Qxd5 8. Nc3 Qd7 9. Nxe4 Be7 10. Bg5 0-0 11. Bxe7 Qxe7 12. Nxd4 Bd7 13. Nc3 Qb4 14. Ndb5 Rad8 15. a3 Qa5 16. Qh5 a6 17. b4 Qb6 18. Re4 Be6 19. Rh4 h6 20. Re1 axb5 21. Re3 Ne7 22. Rf3 Rd4 23. h3 Rxh4 24. Qxh4 Nf5 25. Qe4 Qc6 26. Qe5 Nd6 27. Rg3 Nf5 28. Rf3 Re8 29. Qxb5 Qxb5 30. Nxb5 Re7 31. g4 Nd6 32. Nxd6 cxd6 33. Rc3 g5 34. a4 Kg7 35. f3 Kf6 36. Kf2 d5 37. Rc5 Ke5 38. c4 Kd4 39. cxd5 Bxd5 40. a5 Re6 41. Rc1 Rf6 0-1

[Event "Oberliga Baden 1415"]
[Site "Baden"]
[Date "2014.11.09"]
[Round "3.4"]
[White "Geuss, Paul"]
[Black "Lutz, Bernhard"]
[Result "1/2-1/2"]
[WhiteElo "2207"]
[BlackElo "2357"]
[PlyCount "37"]
[EventDate "2014.09.21"]
[EventType "team-tourn"]
[EventRounds "9"]
[EventCountry "GER"]
[SourceTitle "EXT 2016"]
[Source "ChessBase"]
[SourceDate "2015.10.08"]
[SourceVersion "1"]
[SourceVersionDate "2015.10.08"]
[SourceQuality "1"]
[WhiteTeam "Freiburg Zaehringen"]
[BlackTeam "Baden-Baden III"]
[WhiteTeamCountry "GER"]
[BlackTeamCountry "GER"]

1. e4 c5 2. Nf3 e6 3. d3 Nc6 4. g3 d6 5. Bg2 Nf6 6. 0-0 Be7 7. Re1 0-0 8. c3 Bd7 9. d4 cxd4 10. cxd4 d5 11. e5 Ne4 12. Nc3 Nxc3 13. bxc3 Rc8 14. Bf4 Na5 15. Qd3 a6 16. h4 Bb5 17. Qc2 h6 18. Nh2 Qc7 19. Qd1 1/2-1/2

[Event "Oberliga Baden 1314"]
[Site "Germany"]
[Date "2013.12.15"]
[Round "4.5"]
[White "Geuss, Paul"]
[Black "Fiderer, Lukas"]
[Result "1/2-1/2"]
[WhiteElo "2175"]
[BlackElo "2259"]
[PlyCount "71"]
[EventDate "2013.10.13"]
[EventType "team-tourn"]
[EventRounds "9"]
[EventCountry "GER"]
[SourceTitle "EXT 2015"]
[Source "ChessBase"]
[SourceDate "2014.11.20"]
[SourceVersion "1"]
[SourceVersionDate "2014.11.20"]
[SourceQuality "1"]
[WhiteTeam "Zaehringen"]
[BlackTeam "Baden-Baden III"]
[WhiteTeamCountry "GER"]
[BlackTeamCountry "GER"]

1. e4 e5 2. Nf3 Nc6 3. Nc3 Nf6 4. d4 exd4 5. Nxd4 Bb4 6. Nxc6 bxc6 7. Bd3 0-0 8. 0-0 d5 9. exd5 cxd5 10. h3 c6 11. Qf3 Be6 12. Ne2 Nd7 13. c3 Bd6 14. Bf4 Qb8 15. Bxd6 Qxd6 16. Qf4 Qxf4 17. Nxf4 Rfb8 18. b3 a5 19. Rfe1 Nc5 20. Bc2 g6 21. Rad1 Kf8 22. Rd4 Bd7 23. Re2 Ne6 24. Nxe6+ Bxe6 25. f4 Re8 26. Kf2 h5 27. Rd1 Ke7 28. f5 gxf5 29. Bxf5 Kf6 30. Bd3 c5 31. Red2 Reb8 32. Be2 a4 33. bxa4 Rxa4 34. Bxh5 Rba8 35. Bf3 Rxa2 36. h4 1/2-1/2

[Event "Verbandsliga Sued Baden 1213"]
[Site "Baden"]
[Date "2012.10.21"]
[Round "1.6"]
[White "Geuss, Paul"]
[Black "Roesch, Mario"]
[Result "0-1"]
[WhiteElo "2175"]
[BlackElo "1996"]
[PlyCount "76"]
[EventDate "2012.10.21"]
[EventType "team-tourn"]
[EventRounds "9"]
[EventCountry "GER"]
[SourceTitle "EXT 2014"]
[Source "ChessBase"]
[SourceDate "2013.11.20"]
[SourceVersion "1"]
[SourceVersionDate "2013.11.20"]
[SourceQuality "1"]
[WhiteTeam "Zaehringen"]
[BlackTeam "Oberwinden"]
[WhiteTeamCountry "GER"]
[BlackTeamCountry "GER"]

1. e4 c6 2. d4 d5 3. Nd2 dxe4 4. Nxe4 Bf5 5. Ng3 Bg6 6. Nh3 Nf6 7. Nf4 e5 8. Nxg6 hxg6 9. dxe5 Qxd1+ 10. Kxd1 Ng4 11. Ne4 Nxe5 12. Be2 Be7 13. c3 Nbd7 14. f4 f5 15. fxe5 fxe4 16. Bf4 Rd8 17. Kc2 Rf8 18. Bg3 Bg5 19. Rad1 Bf4 20. Rhf1 g5 21. Bh5+ Ke7 22. Rxf4 Rxf4 23. Bxf4 gxf4 24. Rd4 Nc5 25. Bg6 e3 26. Rxd8 Kxd8 27. h4 Ke7 28. b4 Nd7 29. Bf5 Nxe5 30. Kd1 Kf6 31. Be4 Nc4 32. Ke2 Ke5 33. Bd3 Nb2 34. Bc2 Nc4 35. Bd3 b5 36. Bc2 Nd6 37. g3 Nf5 38. gxf4+ Kxf4 0-1

[Event "Mittelrhein-chT 1112"]
[Site "Germany"]
[Date "2011.09.11"]
[Round "1.2"]
[White "Geuss, Paul"]
[Black "Keller, Karsten"]
[Result "1-0"]
[WhiteElo "2177"]
[BlackElo "2139"]
[PlyCount "130"]
[EventDate "2011.09.11"]
[EventType "team-tourn"]
[EventRounds "13"]
[EventCountry "GER"]
[SourceTitle "EXT 2013"]
[Source "ChessBase"]
[SourceDate "2012.11.22"]
[SourceVersion "1"]
[SourceVersionDate "2012.11.22"]
[SourceQuality "1"]
[WhiteTeam "Aachen Hoern"]
[BlackTeam "Langenfeld II"]
[WhiteTeamCountry "GER"]
[BlackTeamCountry "GER"]

1. e4 e6 2. d4 d5 3. Nd2 Be7 4. Bd3 c5 5. dxc5 Nf6 6. Qe2 0-0 7. Ngf3 a5 8. 0-0 Na6 9. e5 Nd7 10. c3 Ndxc5 11. Bc2 Bd7 12. Nd4 f5 13. exf6 Bxf6 14. N2f3 Qc7 15. Re1 Kh8 16. Ng5 Bxg5 17. Bxg5 Ne4 18. Bxe4 dxe4 19. Qxe4 Nc5 20. Qe3 Rae8 21. Bh4 e5 22. Bg3 Qb6 23. Nb3 Na4 24. Qxb6 Nxb6 25. Nxa5 Na4 26. b3 Nxc3 27. Bxe5 b6 28. Bxc3 bxa5 29. Bxa5 Ra8 30. Re7 Be8 31. Rae1 Bf7 32. Bc3 Kg8 33. R7e2 Rfc8 34. Be5 Rc5 35. f4 Rca5 36. Rc1 h5 37. Rcc2 g5 38. fxg5 Rd5 39. Bf6 Kh7 40. Rc7 Kg6 41. h3 Rd3 42. Rf2 h4 43. Be5 Re8 44. Rfxf7 Rxe5 45. Rg7+ Kh5 46. Rh7+ Kxg5 47. Rcg7+ Kf6 48. Rf7+ Kg5 49. Rhg7+ Kh6 50. Rg4 Re2 51. Rf8 Rd1+ 52. Rf1 Rxf1+ 53. Kxf1 Rxa2 54. Rxh4+ Kg5 55. Rc4 Rb2 56. b4 Kh5 57. Kg1 Kg5 58. Kh2 Kh5 59. Kg3 Kg5 60. h4+ Kf5 61. Rc5+ Kg6 62. b5 Rb3+ 63. Kg4 Rb4+ 64. Kh3 Kh6 65. Rc6+ Kh5 1-0

[Event "Maastricht Limburg op"]
[Site "Maastricht"]
[Date "2008.05.11"]
[Round "5"]
[White "Geuss, Paul"]
[Black "Moser, Eva"]
[Result "0-1"]
[WhiteElo "2171"]
[BlackElo "2395"]
[PlyCount "104"]
[EventDate "2008.05.09"]
[EventType "swiss"]
[EventRounds "7"]
[EventCountry "NED"]
[SourceTitle "EXT 2009"]
[Source "ChessBase"]
[SourceDate "2008.11.26"]
[SourceVersion "1"]
[SourceVersionDate "2008.11.26"]
[SourceQuality "1"]

1. e4 d6 2. d4 Nf6 3. Nc3 Nbd7 4. Nf3 e5 5. g3 Be7 6. Bg2 c6 7. a4 0-0 8. 0-0 a5 9. Re1 Re8 10. b3 Qc7 11. Ba3 Nf8 12. Qd2 Ng6 13. Rad1 h6 14. h3 Bd7 15. Qe3 Rad8 16. dxe5 dxe5 17. Bxe7 Rxe7 18. Rd2 Be6 19. Red1 Red7 20. Bf1 Rxd2 21. Rxd2 Rxd2 22. Qxd2 Nd7 23. Qe3 Qd6 24. Nd2 Qc5 25. Qxc5 Nxc5 26. Kg2 Nf8 27. f4 exf4 28. gxf4 f5 29. Kf3 Kf7 30. Ke3 Nfd7 31. h4 Nf6 32. e5 Ng4+ 33. Kd4 Nd7 34. Nc4 c5+ 35. Kd3 Bxc4+ 36. bxc4 g5 37. hxg5 hxg5 38. fxg5 Ndxe5+ 39. Ke2 Kg6 40. Bg2 b6 41. Nd5 Nxc4 42. Kd3 Nge5+ 43. Kc3 Kxg5 44. Bf1 Nd6 45. Nxb6 Ne4+ 46. Kb2 f4 47. Nd5 f3 48. Kc1 Ng3 49. Ne3 Ng4 50. Nxg4 Kxg4 51. Bd3 f2 52. Kd2 Kf3 0-1

[Event "Maastricht Limburg op"]
[Site "Maastricht"]
[Date "2007.05.28"]
[Round "6"]
[White "Geuss, Paul"]
[Black "Clemens, Adrian HP"]
[Result "1-0"]
[WhiteElo "2138"]
[BlackElo "2327"]
[PlyCount "55"]
[EventDate "2007.05.25"]
[EventType "swiss"]
[EventRounds "7"]
[EventCountry "NED"]
[SourceTitle "CBM 118 Extra"]
[Source "ChessBase"]
[SourceDate "2007.07.04"]
[SourceVersion "1"]
[SourceVersionDate "2007.07.04"]
[SourceQuality "1"]

1. e4 c5 2. Nf3 d6 3. Bb5+ Bd7 4. Bxd7+ Qxd7 5. 0-0 Nf6 6. Qe2 Nc6 7. Rd1 e6 8. d4 cxd4 9. Nxd4 Be7 10. c4 Nxd4 11. Rxd4 Qc6 12. Nc3 0-0 13. b3 Rfd8 14. Ba3 a6 15. Rd3 b5 16. cxb5 axb5 17. Bb4 Ne8 18. Rad1 Bf6 19. f4 Qb6+ 20. Kh1 Be7 21. f5 Bf6 22. fxe6 fxe6 23. Qg4 d5 24. exd5 Bxc3 25. Bxc3 Rxd5 26. Rxd5 exd5 27. Rf1 Rd8 28. Ba5 1-0

[Event "Maastricht Limburg op"]
[Site "Maastricht"]
[Date "2007.05.27"]
[Round "5"]
[White "Moors, Hans"]
[Black "Geuss, Paul"]
[Result "1/2-1/2"]
[WhiteElo "2280"]
[BlackElo "2138"]
[PlyCount "82"]
[EventDate "2007.05.25"]
[EventType "swiss"]
[EventRounds "7"]
[EventCountry "NED"]
[SourceTitle "CBM 118 Extra"]
[Source "ChessBase"]
[SourceDate "2007.07.04"]
[SourceVersion "1"]
[SourceVersionDate "2007.07.04"]
[SourceQuality "1"]

1. d4 d5 2. c4 e6 3. Nc3 c6 4. e3 Nf6 5. Nf3 Nbd7 6. Bd3 dxc4 7. Bxc4 b5 8. Bd3 Bb7 9. 0-0 a6 10. Qe2 c5 11. Rd1 Be7 12. dxc5 Qc7 13. Bc2 Bxc5 14. a3 0-0 15. h3 Ne5 16. e4 Nxf3+ 17. Qxf3 Bd6 18. Bg5 Bh2+ 19. Kh1 Be5 20. Rac1 h6 21. Bd2 Rad8 22. Bb1 Qb8 23. g3 Qa8 24. Kh2 Rd7 25. Qe2 Rfd8 26. f3 h5 27. Bg5 Qb8 28. Bh4 Qa7 29. Rxd7 Rxd7 30. Rd1 Rxd1 31. Nxd1 Qd4 32. Qd3 Qxd3 33. Bxd3 Nd7 34. Be7 f6 35. Kg2 Bd4 36. Kf1 Kf7 37. Bb4 Ne5 38. Ke2 Nxd3 39. Kxd3 Bb6 40. Bc3 Bc7 41. Be1 g5 1/2-1/2

[Event "Seefeld op 11th"]
[Site "Seefeld"]
[Date "2000.09.20"]
[Round "5"]
[White "Siegmund, Rainer"]
[Black "Geuss, Paul"]
[Result "1/2-1/2"]
[WhiteElo "2143"]
[BlackElo "2040"]
[PlyCount "52"]
[EventDate "2000.09.16"]
[EventType "swiss"]
[EventRounds "9"]
[EventCountry "AUT"]
[SourceTitle "EXT 2001"]
[Source "ChessBase"]
[SourceDate "2000.11.22"]
[SourceVersion "1"]
[SourceVersionDate "2000.11.22"]
[SourceQuality "1"]

1. d4 d5 2. Nf3 Nf6 3. c4 dxc4 4. e3 e6 5. Bxc4 c5 6. 0-0 a6 7. Bb3 Nc6 8. Nc3 b5 9. a3 Bb7 10. Bc2 Be7 11. Qe2 0-0 12. dxc5 Bxc5 13. b4 Bd6 14. Rd1 Qc7 15. Ne4 Nxe4 16. Bxe4 f5 17. Bb1 Ne5 18. Nd4 Rf6 19. Ba2 Nc4 20. f4 Rg6 21. Nf3 Qc6 22. Rf1 e5 23. Rf2 exf4 24. exf4 Re8 25. Qf1 Kh8 26. Kh1 h6 1/2-1/2

[Event "Seefeld op 11th"]
[Site "Seefeld"]
[Date "2000.09.17"]
[Round "2"]
[White "Geuss, Paul"]
[Black "Schett, Franz"]
[Result "1-0"]
[WhiteElo "2040"]
[BlackElo "1702"]
[PlyCount "61"]
[EventDate "2000.09.16"]
[EventType "swiss"]
[EventRounds "9"]
[EventCountry "AUT"]
[SourceTitle "EXT 2001"]
[Source "ChessBase"]
[SourceDate "2000.11.22"]
[SourceVersion "1"]
[SourceVersionDate "2000.11.22"]
[SourceQuality "1"]

1. d4 d5 2. Nf3 Nf6 3. e3 Nbd7 4. b3 c6 5. Bb2 Ne4 6. Bd3 Ndf6 7. Ne5 Qa5+ 8. c3 Bf5 9. 0-0 e6 10. f3 Nd6 11. Bxf5 Nxf5 12. Qe2 Be7 13. e4 Nh4 14. c4 Ng6 15. Nd3 dxc4 16. bxc4 Qh5 17. Nd2 0-0 18. e5 Nd7 19. Ne4 f5 20. exf6 Nxf6 21. Ng3 Qh6 22. Qxe6+ Rf7 23. Bc1 Nf8 24. Qe2 g5 25. Nf5 Qh5 26. Ne5 Re8 27. g4 Qh3 28. Bxg5 Nxg4 29. Nxe7+ Rexe7 30. fxg4 Rxf1+ 31. Rxf1 1-0

[Event "Seefeld op 11th"]
[Site "Seefeld"]
[Date "2000.??.??"]
[Round "6"]
[White "Geuss, Paul"]
[Black "Ferrari, Josef"]
[Result "0-1"]
[WhiteElo "2040"]
[BlackElo "2130"]
[PlyCount "78"]
[EventDate "2000.09.16"]
[EventType "swiss"]
[EventRounds "9"]
[EventCountry "AUT"]
[SourceTitle "EXT 2015"]
[Source "ChessBase"]
[SourceDate "2014.11.20"]
[SourceVersion "1"]
[SourceVersionDate "2014.11.20"]
[SourceQuality "1"]

1. d4 d5 2. Nf3 e6 3. e3 c5 4. b3 cxd4 5. exd4 Nf6 6. Bd3 Be7 7. 0-0 0-0 8. Bb2 Nc6 9. a3 Bd7 10. Nbd2 Rc8 11. Re1 Nh5 12. g3 g6 13. Qe2 Bf6 14. Ne5 Bg7 15. f4 Be8 16. Qe3 f5 17. Nxc6 Rxc6 18. c4 Nf6 19. c5 Ne4 20. b4 Rc8 21. Nf3 a6 22. Qe2 Ba4 23. Rec1 Qe7 24. Bc3 h6 25. Ne5 Kh7 26. Bd2 Bf6 27. Be3 Qg7 28. b5 axb5 29. Bxb5 Bxb5 30. Qxb5 g5 31. Rab1 Rc7 32. Qb6 Re8 33. c6 Ree7 34. Nd7 Rxc6 35. Rxc6 bxc6 36. Nxf6+ Qxf6 37. a4 c5 38. a5 gxf4 39. gxf4 Qh4 0-1